| 000 | 00680nam a2200121Ia 4500 | ||
|---|---|---|---|
| 008 | 220615s9999||||xx |||||||||||||| ||und|| | ||
| 100 | _aRosa, Milton||D’Ambrosio, Ubiratan||Orey, Daniel Clark||Shirley, Lawrence||Alangui, Wilfredo V.||Palhares, Pedro||Gavarrete, Maria Elena | ||
| 245 | 0 | _aCurrent and Future Perspectives of Ethnomathematics as a Program | |
| 546 | _aEnglish[eng] | ||
| 650 | _aMathematics Education||Learning||Teaching | ||
| 856 | _uhttps://library.oapen.org/bitstream/20.500.12657/28108/1/1001886.pdf||https://library.oapen.org/bitstream/20.500.12657/28108/1/1001886.pdf||https://library.oapen.org/bitstream/20.500.12657/28108/1/1001886.pdf | ||
| 942 | _cEB | ||
| 999 |
_c15251 _d15251 |
||